| 000 | 00807nam a22002177a 4500 | ||
|---|---|---|---|
| 999 |
_c7476 _d7476 |
||
| 003 | AR-CdUCM | ||
| 008 | 190320b ||||| |||| 00| 0 spa d | ||
| 040 |
_aMUNICIPALIDAD PROVINCIAL DEL CUSCO _cBIBLIOTECA MUNICIPAL DEL CUSCO |
||
| 082 |
_a150.19 / _bL44 |
||
| 100 |
_aLemlij, Moises _917205 |
||
| 245 | _aPsicoanlalisis en america latina / | ||
| 260 |
_aLima : _bServicios editoriales, _c1993. |
||
| 300 |
_a331 paginas ; _c25 cm. |
||
| 505 | _aContenido : Asociación psicoanalítica Argentina -- Asociación psicoanalítica Chilena -- Asociación psicoanalítica de Buenos Aires -- Asociación psicoanalítica del Urugua ... | ||
| 650 |
_a Psicoanalísis _921080 |
||
| 650 |
_aAmericalatina _921081 |
||
| 650 |
_aAsociaciones _92848 |
||
| 710 |
_aFEPAL _921082 |
||
| 942 |
_2ddc _cLIBROS |
||
| 945 | _arah | ||